<?xml version="1.0" encoding="UTF-8"?>
<record
    xmlns:xsi="http://www.w3.org/2001/XMLSchema-instance"
    xsi:schemaLocation="http://www.loc.gov/MARC21/slim http://www.loc.gov/standards/marcxml/schema/MARC21slim.xsd"
    xmlns="http://www.loc.gov/MARC21/slim">

  <leader>01463nam a2200325 i 4500</leader>
  <controlfield tag="001">186763</controlfield>
  <controlfield tag="003">ES-MaACL</controlfield>
  <controlfield tag="005">20250921063040.0</controlfield>
  <controlfield tag="008">170213s2014    sp           |||| | spa d</controlfield>
  <datafield tag="020" ind1=" " ind2=" ">
    <subfield code="a">978-84-8489-779-8 (Iberoamericana)</subfield>
  </datafield>
  <datafield tag="020" ind1=" " ind2=" ">
    <subfield code="a">978-3-95487-348-7 (Vervuert)</subfield>
  </datafield>
  <datafield tag="080" ind1=" " ind2=" ">
    <subfield code="a">821.134.2-22"16"</subfield>
  </datafield>
  <datafield tag="100" ind1="1" ind2=" ">
    <subfield code="a">Bances Candamo, Francisco Antonio de, </subfield>
    <subfield code="d">1662-1704</subfield>
    <subfield code="9">25159</subfield>
  </datafield>
  <datafield tag="245" ind1="1" ind2="0">
    <subfield code="a">Poes&#xED;as c&#xF3;micas. </subfield>
    <subfield code="n">I. </subfield>
    <subfield code="n">, 1 / </subfield>
    <subfield code="c">Francisco A. Bances Candamo ; Blanca Oteiza, (editora general del volumen).</subfield>
  </datafield>
  <datafield tag="260" ind1=" " ind2=" ">
    <subfield code="a">Madrid : </subfield>
    <subfield code="b">Iberoamericana ; </subfield>
    <subfield code="a">Frankfurt am Main : </subfield>
    <subfield code="b">Vervuert,</subfield>
    <subfield code="c">2014.</subfield>
  </datafield>
  <datafield tag="300" ind1=" " ind2=" ">
    <subfield code="a">1 v. (772 p.) : </subfield>
    <subfield code="b">il. ; </subfield>
    <subfield code="c">24 cm.</subfield>
  </datafield>
  <datafield tag="490" ind1="1" ind2=" ">
    <subfield code="a">Obras completas de Francisco A. Bances Candamo ; </subfield>
    <subfield code="v">1 / dirigidas por Ignacio Arellano</subfield>
  </datafield>
  <datafield tag="490" ind1="1" ind2=" ">
    <subfield code="a">Biblioteca &#xE1;urea hisp&#xE1;nica ; </subfield>
    <subfield code="v">92</subfield>
  </datafield>
  <datafield tag="500" ind1=" " ind2=" ">
    <subfield code="a">&#xCD;ndice.</subfield>
  </datafield>
  <datafield tag="504" ind1=" " ind2=" ">
    <subfield code="a">Bibliograf&#xED;a: p. 13-37.</subfield>
  </datafield>
  <datafield tag="505" ind1="8" ind2=" ">
    <subfield code="a">Contiene: v. I, 1 ; </subfield>
    <subfield code="t">El primer duelo del mundo ; </subfield>
    <subfield code="t">Qui&#xE9;n es quien premia al amor ; </subfield>
    <subfield code="t">La restauraci&#xF3;n de Buda</subfield>
  </datafield>
  <datafield tag="700" ind1="1" ind2=" ">
    <subfield code="a">Oteiza, Blanca.</subfield>
    <subfield code="9">161719</subfield>
  </datafield>
  <datafield tag="700" ind1="1" ind2=" ">
    <subfield code="a">Arellano, Ignacio.</subfield>
    <subfield code="9">22580</subfield>
  </datafield>
  <datafield tag="830" ind1="0" ind2=" ">
    <subfield code="a">Obras completas de Francisco A. Bances Candamo ; </subfield>
    <subfield code="v">1 / dirigidas por Ignacio Arellano</subfield>
    <subfield code="9">225467</subfield>
  </datafield>
  <datafield tag="830" ind1="0" ind2=" ">
    <subfield code="a">Biblioteca &#xE1;urea hisp&#xE1;nica ; </subfield>
    <subfield code="v">92</subfield>
    <subfield code="9">188819</subfield>
  </datafield>
  <datafield tag="852" ind1=" " ind2=" ">
    <subfield code="a">ES-MaACL</subfield>
    <subfield code="j">A-14027 </subfield>
    <subfield code="9">193820</subfield>
    <subfield code="b">R.151298</subfield>
    <subfield code="c">DEPO1</subfield>
    <subfield code="d">Olim: N-7027</subfield>
    <subfield code="h">Donaci&#xF3;n: Casa de Vel&#xE1;zquez</subfield>
  </datafield>
  <datafield tag="914" ind1=" " ind2=" ">
    <subfield code="9">2477</subfield>
    <subfield code="a">Casa de Vel&#xE1;zquez</subfield>
    <subfield code="e">dnr</subfield>
  </datafield>
  <datafield tag="942" ind1=" " ind2=" ">
    <subfield code="2">udc</subfield>
    <subfield code="c">MONOGRAFIA</subfield>
  </datafield>
  <datafield tag="999" ind1=" " ind2=" ">
    <subfield code="c">186763</subfield>
    <subfield code="d">186763</subfield>
  </datafield>
  <datafield tag="952" ind1=" " ind2=" ">
    <subfield code="0">0</subfield>
    <subfield code="1">0</subfield>
    <subfield code="2">udc</subfield>
    <subfield code="4">0</subfield>
    <subfield code="7">0</subfield>
    <subfield code="a">ATENEOM</subfield>
    <subfield code="b">ATENEOM</subfield>
    <subfield code="c">DEPO1</subfield>
    <subfield code="d">2017-02-13</subfield>
    <subfield code="e">DONACION</subfield>
    <subfield code="l">0</subfield>
    <subfield code="o">A-14027</subfield>
    <subfield code="p">1196998</subfield>
    <subfield code="r">2023-02-23 00:00:00</subfield>
    <subfield code="w">2023-02-23</subfield>
    <subfield code="y">MONOGRAFIA</subfield>
  </datafield>
</record>
